000 01112cam a2200289 a 4500
005 20200104041512.0
008 980505s1998 enkab b 001 0 eng
020 _a1560985747
040 _aDLC
_cDLC
_dCO-BoIAVH
041 _aeng
044 _axxk
082 0 4 _a333.95816
_bS79e
100 1 _aStattersfield, Alison J.
245 1 0 _aEndemic bird areas of the world :
_bpriorities for biodiversity conservation /
_cAlison J. Stattersfield y (otros tres autores) ; maps by Andrew P. Rayner.
260 _aCambridge, UK :
_bBirdLife International,
_cc1998.
300 _a846 p. :
_bilustraciones y mapas ;
_c25 cm.
490 0 0 _aBirdlife conservation series ;
_v7
504 _aIncluye referencias bibliográficas e índice.
650 1 4 _aAves
_xConservación
650 2 4 _aConservación biológica
650 2 4 _aÁreas de conservación de recursos naturales
650 2 4 _aConservación de especies
650 2 4 _aConservación de la vida silvestre
650 2 4 _aConservación del hábitat
710 2 _aBirdLife International.
942 _2ddc
_cLIBRO
999 _c580
_d580